[Event "Rochefort Master 2018"]
[Site "Palais des Congrès de Rochefort"]
[Date "2018.02.17"]
[Round "9.7"]
[White "Devallee, Jeremie"]
[Black "Nikolov, Momchil"]
[Result "1-0"]
[WhiteElo "2186"]
[BlackElo "2545"]
[PlyCount "95"]
[EventDate "2018.02.22"]
[WhiteTeam "Chartres Metropole Echecs"]

1. e4 c6 2. d4 d5 3. Nc3 dxe4 4. Nxe4 Bf5 5. Ng3 Bg6 6. N1e2 e6 7. Nf4 Bd6 8.
c3 Qh4 9. Nxg6 hxg6 10. Bd3 Nf6 11. Be3 Nd5 12. Qd2 Nxe3 13. Qxe3 Nd7 14. Ne4
Bc7 15. g3 Qe7 16. f4 Bb6 17. O-O-O O-O-O 18. h4 c5 19. dxc5 Nxc5 20. Nxc5 Qxc5
21. Qxc5+ Bxc5 22. Rhf1 Rd6 23. Be4 Rhd8 24. Rxd6 Rxd6 25. Kc2 f5 26. Bd3 Kd8
27. b4 Bb6 28. c4 Bd4 29. c5 Rd7 30. Bb5 Rd5 31. Bc4 Rd7 32. Bxe6 Re7 33. Rd1
Rxe6 34. Rxd4+ Kc7 35. a3 Re3 36. Rd3 Re2+ 37. Kb3 Re4 38. Ka4 Re6 39. Kb5 b6
40. Rd6 Re3 41. Rxg6 a6+ 42. Kxa6 bxc5 43. bxc5 Rxa3+ 44. Kb5 Rb3+ 45. Kc4 Rf3
46. Rxg7+ Kc6 47. Rg6+ Kc7 48. h5 1-0

[Event "Rochefort Master 2018"]
[Site "Palais des Congrès de Rochefort"]
[Date "2018.02.17"]
[Round "9.9"]
[White "Castellanos Rodrigue, Renier"]
[Black "Collas, Silvia"]
[Result "1/2-1/2"]
[WhiteElo "2501"]
[BlackElo "2261"]
[Annotator "chris"]
[PlyCount "48"]
[EventDate "2018.02.22"]
[BlackTeam "Echiquier Nimois"]

1. Nf3 Nf6 2. c4 e6 3. Nc3 c5 4. e3 d5 5. cxd5 Nxd5 6. Nxd5 Qxd5 7. b3 Be7 8.
Bb2 O-O 9. Bc4 Qd8 10. Rc1 Nd7 11. O-O a6 12. Qc2 b5 13. Bd3 f5 14. e4 Bf6 15.
exf5 Bxb2 16. Qxb2 exf5 17. a4 Bb7 18. Be2 Qb6 19. d4 Rae8 20. axb5 axb5 21.
dxc5 Nxc5 22. Ne5 Qd6 23. f4 Ne6 24. g3 Nd4 1/2-1/2

[Event "Rochefort Master 2018"]
[Site "Palais des Congrès de Rochefort"]
[Date "2018.02.17"]
[Round "9.10"]
[White "Miron, Lucian-Costin"]
[Black "Lagarde, Dimitri"]
[Result "0-1"]
[WhiteElo "2489"]
[BlackElo "2222"]
[PlyCount "88"]
[EventDate "2018.02.22"]
[WhiteTeam "Echiquier Medocain"]
[BlackTeam "Cannes Echecs"]

1. d4 Nf6 2. c4 e6 3. Nc3 Bb4 4. Qc2 b6 5. a3 Bxc3+ 6. Qxc3 Bb7 7. Nf3 h6 8. g3
c5 9. dxc5 bxc5 10. Bg2 O-O 11. O-O Qe7 12. Qe3 Nc6 13. Ne5 Nxe5 14. Qxe5 Bxg2
15. Kxg2 d6 16. Qc3 Rab8 17. Rd1 d5 18. cxd5 exd5 19. Qf3 Rfe8 20. e3 Qe5 21.
Qf4 Qxf4 22. gxf4 Rb3 23. Bd2 d4 24. Bc1 d3 25. f3 c4 26. e4 Nd7 27. Kg3 Nc5
28. a4 Nxe4+ 29. fxe4 d2+ 30. Kg4 dxc1=Q 31. Raxc1 Rxe4 32. Rc2 g6 33. Rc3 Rxb2
34. Kf3 f5 35. Rd8+ Kf7 36. Rd7+ Ke6 37. Rxa7 Rxh2 38. Ra6+ Kd5 39. Kg3 Ree2
40. Rc1 h5 41. Rd1+ Kc5 42. Ra5+ Kb4 43. Rb5+ Kxa4 44. Rb8 h4+ 0-1

[Event "Rochefort Master 2018"]
[Site "Palais des Congrès de Rochefort"]
[Date "2018.02.17"]
[Round "9.11"]
[White "Rakotomaharo, Fy Antenaina"]
[Black "Galunova, Tsveta"]
[Result "1-0"]
[WhiteElo "2410"]
[BlackElo "2177"]
[PlyCount "93"]
[EventDate "2018.02.22"]
[WhiteTeam "Clichy-Echecs-92"]

1. d4 d5 2. c4 c6 3. Nc3 Nf6 4. e3 e6 5. Nf3 Nbd7 6. Qc2 Bd6 7. b3 O-O 8. Be2
b6 9. Bb2 Bb7 10. O-O Qe7 11. Rfe1 Rfe8 12. Rad1 Rad8 13. g3 Bb4 14. a3 Bxa3
15. Bxa3 Qxa3 16. Ra1 Qd6 17. cxd5 Nxd5 18. Nxd5 Qxd5 19. e4 Qd6 20. Rxa7 Qb8
21. Rea1 c5 22. dxc5 Nxc5 23. Bb5 Re7 24. Bc6 Rc7 25. Bxb7 Rxb7 26. R7a3 h6 27.
b4 Nd7 28. Qc6 Rc8 29. Qb5 Nf6 30. Re1 Qc7 31. Ne5 Qc2 32. Rae3 Rc3 33. R3e2
Qb3 34. Qa6 Rcc7 35. Nc6 Qc3 36. b5 Kh7 37. Qa1 Qc5 38. Qb1 Kg8 39. Rc2 Qh5 40.
Kg2 Kf8 41. Ra2 Rc8 42. e5 Ng8 43. Rd1 Ne7 44. Rad2 Nxc6 45. bxc6 Rbc7 46. Qh7
Qxe5 47. Rd7 1-0

[Event "Rochefort Master 2018"]
[Site "Palais des Congrès de Rochefort"]
[Date "2018.02.17"]
[Round "9.12"]
[White "Stets, Dmitry"]
[Black "Ringuet, Noe"]
[Result "1-0"]
[WhiteElo "2398"]
[BlackElo "2213"]
[Annotator "chris"]
[PlyCount "71"]
[EventDate "2018.02.22"]
[WhiteTeam "Rouen Echecs"]
[BlackTeam "Echiquier de Picardie Maritime"]

1. e4 b6 2. d4 Bb7 3. Bd3 e6 4. Nf3 Ne7 5. Qe2 d6 6. Nc3 Nd7 7. Bf4 g6 8. e5
Bxf3 9. Qxf3 d5 10. Bg5 a6 11. Ne2 c5 12. c3 c4 13. Bc2 b5 14. O-O Qc7 15. a4
Rb8 16. axb5 axb5 17. Ra6 Nc6 18. Rfa1 Bg7 19. h4 O-O 20. h5 Qb7 21. Qh3 Rfe8
22. Nf4 Nf8 23. Bf6 Ra8 24. Rxa8 Rxa8 25. Rxa8 Qxa8 26. Qh4 Nd7 27. hxg6 hxg6
28. Nh5 Bxf6 29. Nxf6+ Nxf6 30. exf6 Qa1+ 31. Kh2 Qa8 32. f4 Qb8 33. g3 b4 34.
Qg5 Qe8 35. Ba4 Kh7 36. Qh4+ 1-0

[Event "Rochefort Master 2018"]
[Site "Palais des Congrès de Rochefort"]
[Date "2018.02.17"]
[Round "9.13"]
[White "Kulkarni, Rakesh"]
[Black "Selebran, Henri"]
[Result "1-0"]
[WhiteElo "2332"]
[BlackElo "2151"]
[PlyCount "45"]
[EventDate "2018.02.22"]
[BlackTeam "LEC Echiquier Limousin"]

1. e4 d6 2. d4 Nf6 3. Nc3 Nbd7 4. Nf3 e5 5. Bc4 Be7 6. a4 O-O 7. O-O a5 8. h3
c6 9. Be3 Nb6 10. Ba2 Nfd7 11. Qd2 exd4 12. Qxd4 Nc5 13. Rfd1 Be6 14. e5 d5 15.
Qf4 f6 16. Bxc5 Bxc5 17. Ne4 Be7 18. Nd4 Qc8 19. Qe3 Nxa4 20. c4 Kh8 21. cxd5
Nxb2 22. Nxe6 Nxd1 23. Rxd1 1-0

[Event "Rochefort Master 2018"]
[Site "Palais des Congrès de Rochefort"]
[Date "2018.02.17"]
[Round "9.14"]
[White "Bartakke, Amardeep S"]
[Black "Saada, Julien"]
[Result "0-1"]
[WhiteElo "2078"]
[BlackElo "2283"]
[Annotator "chris"]
[PlyCount "82"]
[EventDate "2018.02.22"]
[BlackTeam "Poitiers-Migne Echecs"]

1. e4 c6 2. d4 d5 3. e5 Bf5 4. Nf3 e6 5. Be2 h6 6. O-O Ne7 7. Nbd2 Nd7 8. Nh4
Bh7 9. f4 c5 10. c3 g5 11. fxg5 hxg5 12. Bh5 Bg8 13. Qf3 Rh7 14. Nc4 dxc4 15.
Bxg5 Qb6 16. d5 Nxd5 17. Ng6 Ne7 18. Nxf8 Nxf8 19. Bxe7 Kxe7 20. Qf6+ Ke8 21.
Bd1 Qxb2 22. Ba4+ b5 23. Qf3 Rd8 24. Qc6+ Nd7 25. Bxb5 Qxc3 26. Qc7 Rh4 27.
Rac1 Qe3+ 28. Kh1 Qg3 29. h3 Bh7 30. Rf3 Rxh3+ 31. Kg1 Qh2+ 32. Kf2 Rxf3+ 33.
Kxf3 Qh5+ 34. Kf2 Qh4+ 35. Kg1 Qd4+ 36. Kh1 Be4 37. Rxc4 Bxg2+ 38. Kh2 Qf2 39.
Qxc5 Qxc5 40. Rxc5 Bf1 41. Ba4 a6 0-1

[Event "Rochefort Master 2018"]
[Site "Palais des Congrès de Rochefort"]
[Date "2018.02.17"]
[Round "9.15"]
[White "Malassagne, Raphael"]
[Black "Sgircea, Silvia-Raluca"]
[Result "1/2-1/2"]
[WhiteElo "2276"]
[BlackElo "2193"]
[Annotator "chris"]
[PlyCount "56"]
[EventDate "2018.02.22"]
[WhiteTeam "Cergy Pontoise Echecs"]

1. c4 c5 2. Nf3 Nc6 3. Nc3 g6 4. d4 cxd4 5. Nxd4 Bg7 6. Nc2 Bxc3+ 7. bxc3 Qa5
8. Qd3 d6 9. Bd2 Be6 10. f4 Qc5 11. e3 Na5 12. Rb1 Bxc4 13. Qd4 Nf6 14. Bxc4
Qxc4 15. Qxc4 Nxc4 16. Rxb7 Ne4 17. Bc1 Nc5 18. Rb1 O-O 19. O-O Rfc8 20. Nd4
Ne4 21. Rb7 Kf8 22. f5 Nxc3 23. e4 Nxe4 24. fxg6 hxg6 25. Ne6+ Kg8 26. Rxe7 Ne5
27. Ng5 Nxg5 28. Bxg5 Re8 1/2-1/2

[Event "Rochefort Master 2018"]
[Site "Palais des Congrès de Rochefort"]
[Date "2018.02.17"]
[Round "9.16"]
[White "Boricha, Ketan"]
[Black "Maloberti, David"]
[Result "1-0"]
[WhiteElo "2081"]
[BlackElo "2152"]
[PlyCount "84"]
[EventDate "2018.02.22"]
[BlackTeam "Cercle d'echecs des Sables d'Olonne"]

1. e4 e6 2. d4 d5 3. Bd3 dxe4 4. Bxe4 Nf6 5. Bf3 c5 6. Ne2 Nc6 7. Be3 cxd4 8.
Nxd4 Bd7 9. Nc3 Bb4 10. O-O O-O 11. Nce2 Qe7 12. c3 Bd6 13. Bg5 e5 14. Nxc6
Bxc6 15. Bxc6 bxc6 16. Ng3 Qe6 17. Bxf6 gxf6 18. Qf3 Bc7 19. Rfe1 Kh8 20. Re4
Rg8 21. b3 Rad8 22. Rc4 Rd5 23. Re1 Bb6 24. Rh4 Rg5 25. Ne4 Rg6 26. Rh5 Kg7 27.
h3 Qd7 28. Rf5 Rd3 29. Qh5 h6 30. Nxf6 Rxf6 31. Rxf6 Kxf6 32. Qxh6+ Ke7 33.
Rxe5+ Kd8 34. Qf8+ Kc7 35. Re7 Rd1+ 36. Kh2 Bxf2 37. Qxf7 Bc5 38. Rxd7+ Rxd7
39. Qc4 Bd6+ 40. g3 Be5 41. h4 Rd2+ 42. Kh3 Rc2 1-0